00373 a2200109 4500001001000000005001700010008004100027245007100068100002400139773008300163999001700246ART_6121020260410162017.0260409a 10aImplicancias del derecho administrativo en la actualidad argentina1 aRoitman, Facundo J.0 tTemas de derecho administrativog- Año 9, N° 6/7 (jun./jul. 2024)wREV40468 c32723d32723